Deutsche Rechtschreibung - Statistiken

Allgemein
  • Dieses Quiz wurde 390 mal gespielt
  • Das Durchschnittsergebnis liegt bei 4 aus 10
Answers on the Grid
Answers color-coded by a green-red scale on the quiz's grid according to % correct below.
Symphatie
Allegorie
Hypnose
Apostropf
Addresse
Rhythmus
Akumulation
brillant
Aggression
Akkupunktur
annullieren
Symmettrie
Atmosphäre
Opperation
Philosophie
Tunier
Verwandschaft
vielleicht
widerlegen
Vorraussetzung
währendessen
 
Antwortstatistiken
Antwort % Korrekt
vielleicht
52%
Rhythmus
50%
Hypnose
48%
Philosophie
43%
widerlegen
41%
Atmosphäre
39%
Aggression
37%
brillant
25%
annullieren
22%
Allegorie
18%
Keine übereinstimmenden Quizze gefunden
Verteilung der Resultate
Anzahl Personen mit jedem Resultat
Perzentil nach korrekt beantworteten Fragen
Ihre Resultats-Entwicklung
Sie haben dieses Quiz noch nicht gespielt